<The> Effect of M3 Monetary Aggregates and Bank Loans on the Economic Growth of Countries in the Eurozone, the Usa and Japan
Vplyv vybraných ukazovateľov bankového sektora (menové agregáty M3 a bankové úvery poskytnuté nefinančnému súkromnému sektoru) o hospodárskom raste (HDP) v eurozóne, USA a Japonsku. Kointegrácia daných skupín vybraných ukazovateľov bankového sektora bola preukázaná v súvislosti s vývojom HDP pomocou...
Salvato in:
| Autore principale: | |
|---|---|
| Altri autori: | |
| Natura: | Capitolo di libro |
| Lingua: | inglese |
| Soggetti: | |
| Tags: |
Nessun Tag, puoi essere il primo ad aggiungerne!!
|
MARC
| LEADER | 00000nla a2200000 4500 | ||
|---|---|---|---|
| 001 | 0242956 | ||
| 005 | 20240417075138.4 | ||
| 041 | 0 | |a eng | |
| 044 | |a CZ | ||
| 245 | 1 | 0 | |a <The> Effect of M3 Monetary Aggregates and Bank Loans on the Economic Growth of Countries in the Eurozone, the Usa and Japan |c Liběna Černohorská, Vojtech Kula |
| 520 | |a Vplyv vybraných ukazovateľov bankového sektora (menové agregáty M3 a bankové úvery poskytnuté nefinančnému súkromnému sektoru) o hospodárskom raste (HDP) v eurozóne, USA a Japonsku. Kointegrácia daných skupín vybraných ukazovateľov bankového sektora bola preukázaná v súvislosti s vývojom HDP pomocou kointegračného testu Engle - Granger. | ||
| 610 | 2 | 0 | |a makroekonomika |
| 610 | 2 | 0 | |a politika menová |
| 610 | 2 | 0 | |a produkt domáci hrubý |
| 610 | 2 | 0 | |a agregáty menové |
| 610 | 2 | 0 | |a úver bankový |
| 610 | 2 | 0 | |a sadzby úrokové |
| 610 | 2 | 0 | |a rast hospodársky |
| 610 | 2 | 0 | |a eurozóna |
| 610 | 2 | 0 | |a USA |
| 610 | 2 | 0 | |a Japonsko |
| 100 | 1 | |a Černohorská, Liběna | |
| 700 | 1 | |a Kula, Vojtech | |